[Event "POL-chT 2nd League"]
[Site "Ustron"]
[Date "2008.09.07"]
[Round "2.62"]
[White "Sygulski, Boguslaw"]
[Black "Jablonka, Krzysztof"]
[Result "1-0"]
[WhiteElo "2242"]
[BlackElo "2049"]
[PlyCount "85"]
[EventDate "2008.09.06"]
[EventType "team-swiss"]
[EventRounds "9"]
[EventCountry "POL"]
[SourceTitle "EXT 2015"]
[Source "ChessBase"]
[SourceDate "2014.11.20"]
[SourceVersion "1"]
[SourceVersionDate "2014.11.20"]
[SourceQuality "1"]
[WhiteTeam "Pilzno GKSz Hetman"]
[BlackTeam "Czerwionka Gornik 23"]
[WhiteTeamCountry "POL"]
[BlackTeamCountry "POL"]

1. e4 e6 2. d4 d5 3. Nc3 dxe4 4. Nxe4 Nf6 5. Nxf6+ Qxf6 6. Nf3 h6 7. Bd3 Bd6 8. Qe2 Nc6 9. c3 Bd7 10. Nd2 0-0-0 11. Ne4 Qe7 12. f4 f5 13. Nxd6+ Qxd6 14. Bd2 Ne7 15. 0-0-0 Nd5 16. g3 Rdg8 17. Qe5 Qxe5 18. fxe5 Bc6 19. Rhf1 g5 20. c4 Ne7 21. Bb4 Ng6 22. d5 Bd7 23. dxe6 Bxe6 24. Bxf5 Bxf5 25. Rxf5 Re8 26. Bc3 Re6 27. Kc2 Rhe8 28. Re1 c5 29. a3 Ne7 30. Rf6 Nc6 31. Rxe6 Rxe6 32. Kd3 Kd7 33. Ke4 Ne7 34. Rd1+ Kc6 35. Rd8 b5 36. cxb5+ Kxb5 37. Rd6 Rxd6 38. exd6 Nc6 39. d7 Kb6 40. Bf6 Kc7 41. d8Q+ Nxd8 42. Bxd8+ Kxd8 43. Kd5 1-0

[Event "POL-chT4 Slaskie"]
[Site "Poland"]
[Date "2008.04.13"]
[Round "6.20"]
[White "Moryson, Adrian"]
[Black "Jablonka, Krzysztof"]
[Result "0-1"]
[WhiteElo "1915"]
[BlackElo "2046"]
[PlyCount "66"]
[EventDate "2008.02.10"]
[EventType "team-swiss"]
[EventRounds "9"]
[EventCountry "POL"]
[SourceTitle "EXT 2019"]
[Source "ChessBase"]
[SourceDate "2018.10.10"]
[SourceVersion "1"]
[SourceVersionDate "2018.10.10"]
[SourceQuality "1"]

1. f4 d5 2. Nf3 Nf6 3. e3 e6 4. b3 Bd6 5. Bb2 0-0 6. Be2 Nbd7 7. 0-0 Qe7 8. Ne5 Ne8 9. Nxd7 Bxd7 10. Bd3 f5 11. Nc3 Nf6 12. Ne2 c5 13. Ng3 g6 14. c4 Bc6 15. Be2 e5 16. Bf3 d4 17. fxe5 Bxe5 18. Bxc6 bxc6 19. exd4 Bxd4+ 20. Bxd4 cxd4 21. Qf3 Qd6 22. c5 Qd7 23. Rfe1 Rae8 24. Qf4 Rxe1+ 25. Rxe1 Re8 26. Rxe8+ Nxe8 27. Qe5 Kf7 28. Kf2 Nf6 29. h3 d3 30. Ke3 Nd5+ 31. Kxd3 Nf4+ 32. Kc4 Qd3+ 33. Kb4 Qxg3 0-1